000 00477nam a22001577a 4500
005 20251108164741.0
008 250721s1992 xx 000 0 ara d
082 1 4 _a615.89/حسا
100 1 _aباشا، حسان شمسي
245 1 0 _aالعلاج بالثوم و البصل في الطب الحديث /
264 1 _aجده :
_bمكتب السوادي للتوزيع،
_c1992.
300 _a74ص
650 1 7 _aالطب الشعبي
942 _2ddc
_cBK
999 _c13429
_d13429